[Event "NCA-chT 1st Stage"]
[Site "Managua"]
[Date "2021.10.03"]
[Round "6.4"]
[White "Villanueva Mena, Fhernando Ariel"]
[Black "Zelaya Aguilera, Cristian Ignacio"]
[Result "1-0"]
[WhiteElo "1630"]
[BlackElo "1761"]
[PlyCount "113"]
[EventDate "2021.09.25"]
[EventType "team-swiss"]
[EventRounds "9"]
[EventCountry "NCA"]
[SourceTitle "EXT 2023"]
[Source "ChessBase"]
[SourceDate "2022.10.05"]
[SourceVersion "1"]
[SourceVersionDate "2022.10.05"]
[SourceQuality "1"]
[WhiteTeam "UNI B"]
[BlackTeam "Diamante de Las Segovias"]
[WhiteTeamCountry "NCA"]
[BlackTeamCountry "NCA"]

1. e4 g6 2. d4 Bg7 3. Nf3 d6 4. Bc4 e6 5. 0-0 Ne7 6. Be3 0-0 7. c3 d5 8. exd5 exd5 9. Bb3 Nd7 10. Re1 Nf6 11. Nbd2 Nf5 12. Bf4 c6 13. Bc2 Re8 14. Nf1 Re7 15. Ng3 Nxg3 16. Bxg3 Bg4 17. h3 Rxe1+ 18. Qxe1 Bxf3 19. gxf3 Qd7 20. Kg2 Re8 21. Qd2 Qe6 22. Bd3 Nh5 23. Rf1 f5 24. a4 Kf7 25. a5 a6 26. Rc1 Nxg3 27. fxg3 Re7 28. Rc2 Qe1 29. Qf2 Qa1 30. g4 f4 31. g5 Qxa5 32. Qh4 Qc7 33. Qxh7 Qd6 34. h4 Re3 35. Rd2 Qe6 36. h5 gxh5 37. Qxh5+ Kf8 38. Qg6 Qxg6 39. Bxg6 Kg8 40. Kf2 Bf8 41. Re2 Rxe2+ 42. Kxe2 Be7 43. Bf5 Bxg5 44. Bc8 a5 45. Bxb7 Kf7 46. Bxc6 Ke6 47. Kd3 Be7 48. Kc2 Kd6 49. Ba8 a4 50. Kb1 Ke6 51. Ka2 Bd6 52. Bc6 Bc7 53. Ka3 Kd6 54. Ba8 Bb6 55. Kxa4 Bc7 56. Kb5 Bd8 57. Ka6 1-0

[Event "NCA-ch sf"]
[Site "Managua"]
[Date "2021.02.28"]
[Round "9"]
[White "Avalos, Carlos"]
[Black "Zelaya Aguilera, Cristian Ignacio"]
[Result "1/2-1/2"]
[WhiteElo "1854"]
[BlackElo "1752"]
[PlyCount "45"]
[EventDate "2021.02.13"]
[EventType "swiss"]
[EventRounds "9"]
[EventCountry "NCA"]
[SourceTitle "EXT 2022"]
[Source "ChessBase"]
[SourceDate "2021.10.06"]
[SourceVersion "1"]
[SourceVersionDate "2021.10.06"]
[SourceQuality "1"]

1. e4 c5 2. Nf3 Nc6 3. Bb5 g6 4. 0-0 Bg7 5. c3 Nf6 6. Re1 0-0 7. d4 cxd4 8. cxd4 a6 9. Bf1 d6 10. h3 Qb6 11. Nc3 Rd8 12. d5 Ne5 13. Nxe5 dxe5 14. Na4 Qd6 15. Be3 Nd7 16. Rc1 b5 17. Nc5 Nxc5 18. Bxc5 Qd7 19. Bb6 Re8 20. b4 Qd6 21. Ba5 Bd7 22. Rc7 Rec8 23. Qc2 1/2-1/2

[Event "NCA-ch sf"]
[Site "Managua"]
[Date "2021.02.21"]
[Round "6"]
[White "Zelaya Aguilera, Cristian Ignacio"]
[Black "Espinoza Roman, Juan Carlos"]
[Result "1-0"]
[WhiteElo "1752"]
[BlackElo "1700"]
[PlyCount "55"]
[EventDate "2021.02.13"]
[EventType "swiss"]
[EventRounds "9"]
[EventCountry "NCA"]
[SourceTitle "EXT 2022"]
[Source "ChessBase"]
[SourceDate "2021.10.06"]
[SourceVersion "1"]
[SourceVersionDate "2021.10.06"]
[SourceQuality "1"]

1. c4 Nf6 2. Nc3 c6 3. e4 d5 4. cxd5 cxd5 5. e5 Nfd7 6. d4 e6 7. f4 Nc6 8. Nf3 Qb6 9. Bb5 a6 10. Ba4 f6 11. 0-0 Be7 12. Bxc6 bxc6 13. b3 0-0 14. Be3 fxe5 15. Nxe5 c5 16. Na4 Qb4 17. Nc6 Qb5 18. Nxe7+ Kh8 19. Nxc8 Raxc8 20. Nxc5 Nf6 21. Rc1 Rc6 22. a3 Ne8 23. a4 Qa5 24. Nd7 Rxc1 25. Qxc1 Rg8 26. Ne5 Nd6 27. Qe1 Qc7 28. Ng6+ 1-0

[Event "NCA-ch sf"]
[Site "Managua"]
[Date "2021.02.20"]
[Round "4"]
[White "Martinez Romero, Luis"]
[Black "Zelaya Aguilera, Cristian Ignacio"]
[Result "1-0"]
[WhiteElo "1740"]
[BlackElo "1752"]
[PlyCount "93"]
[EventDate "2021.02.13"]
[EventType "swiss"]
[EventRounds "9"]
[EventCountry "NCA"]
[SourceTitle "EXT 2022"]
[Source "ChessBase"]
[SourceDate "2021.10.06"]
[SourceVersion "1"]
[SourceVersionDate "2021.10.06"]
[SourceQuality "1"]

1. e4 c5 2. Nf3 Nc6 3. d4 cxd4 4. Nxd4 Nf6 5. Nc3 d6 6. h3 e5 7. Nde2 Be6 8. g4 d5 9. exd5 Nxd5 10. Bg2 Bb4 11. 0-0 Nxc3 12. bxc3 Bc5 13. Ng3 0-0 14. Ne4 Qe7 15. a4 Rfd8 16. Qe2 Rac8 17. Qb5 b6 18. Nxc5 Qxc5 19. Qxc5 bxc5 20. a5 Bc4 21. Re1 f6 22. Be3 Ne7 23. Reb1 Rd7 24. a6 Nd5 25. Rb7 Rdc7 26. Ra4 Nxe3 27. fxe3 Be6 28. c4 Kf7 29. Bd5 Ke7 30. e4 g6 31. Ra5 Kd6 32. Kf2 Bd7 33. Ra3 Bc6 34. Rb2 f5 35. gxf5 gxf5 36. Bxc6 Rxc6 37. exf5 Rf8 38. Rb7 Rxf5+ 39. Kg3 Rc7 40. Rab3 Rff7 41. Rxc7 Rxc7 42. Kg4 Rf7 43. Kg5 e4 44. Kg4 Ke5 45. Rb7 Rf4+ 46. Kg5 h6+ 47. Kh5 1-0

[Event "NCA-ch sf"]
[Site "Managua"]
[Date "2021.02.13"]
[Round "1"]
[White "Zelaya Aguilera, Cristian Ignacio"]
[Black "Castillo Sevilla, Ian Eiffel"]
[Result "0-1"]
[WhiteElo "1752"]
[BlackElo "1953"]
[PlyCount "90"]
[EventDate "2021.02.13"]
[EventType "swiss"]
[EventRounds "9"]
[EventCountry "NCA"]
[SourceTitle "EXT 2022"]
[Source "ChessBase"]
[SourceDate "2021.10.06"]
[SourceVersion "1"]
[SourceVersionDate "2021.10.06"]
[SourceQuality "1"]

1. c4 Nf6 2. Nc3 e5 3. g3 Bc5 4. Bg2 0-0 5. d3 Nc6 6. Nf3 a6 7. 0-0 Re8 8. Bg5 h6 9. Bxf6 gxf6 10. Qd2 Bf8 11. Nh4 d6 12. f4 Bg7 13. f5 Rb8 14. Rac1 Ne7 15. Nd5 c6 16. Nxe7+ Qxe7 17. a4 Rd8 18. Rc2 Bd7 19. e4 b5 20. axb5 axb5 21. b3 bxc4 22. bxc4 Rb3 23. Rb2 Rdb8 24. Rfb1 Rxb2 25. Rxb2 Qd8 26. Bf1 Qc7 27. Nf3 Rxb2 28. Qxb2 d5 29. cxd5 cxd5 30. g4 Bf8 31. exd5 Qc5+ 32. Qf2 Qxd5 33. Kg2 Bc6 34. Be2 Bc5 35. Qg3 Qd4 36. Kh3 Qe3 37. Qg2 Bb5 38. Bf1 Bxd3 39. Bxd3 Qxd3 40. Kh4 e4 41. Ne1 Qd1 42. Nc2 e3 43. Qe4 e2 44. Kh5 Kg7 45. h4 Bf2 0-1

[Event "Managua Hurtado Memorial 20th"]
[Site "Managua"]
[Date "2020.12.29"]
[Round "6"]
[White "Zelaya Aguilera, Cristian Ignacio"]
[Black "Vanegas Lopez, Natanael Emanuel"]
[Result "1/2-1/2"]
[WhiteElo "1803"]
[BlackElo "1424"]
[PlyCount "62"]
[EventDate "2020.12.26"]
[EventType "swiss"]
[EventRounds "9"]
[EventCountry "NCA"]
[SourceTitle "CBM 200 Extra"]
[Source "ChessBase"]
[SourceDate "2021.03.31"]
[SourceVersion "1"]
[SourceVersionDate "2021.03.31"]
[SourceQuality "1"]

1. d4 Nf6 2. Nf3 d5 3. Bf4 g6 4. e3 Bg7 5. Bd3 c6 6. h3 0-0 7. 0-0 b6 8. c3 Bb7 9. Nbd2 Nbd7 10. Ne5 e6 11. Qe2 Nxe5 12. Bxe5 c5 13. f4 Nh5 14. Bxg7 Kxg7 15. Qf2 cxd4 16. exd4 f5 17. Qe3 Qd6 18. Rae1 Rfe8 19. Qe5+ Qxe5 20. dxe5 Ng3 21. Rf2 Rac8 22. Nb3 Ne4 23. Rfe2 Nc5 24. Bc2 Ba6 25. Rd2 Nxb3 26. axb3 Rc7 27. Rd4 Rec8 28. Ra1 Bb5 29. Kf2 h5 30. h4 Kf7 31. Kg3 Kg7 1/2-1/2

[Event "NCA-chT 1st Stage"]
[Site "Managua"]
[Date "2020.10.11"]
[Round "9.11"]
[White "Zelaya Aguilera, Cristian Ignacio"]
[Black "Soza Moreno, Francisco Javier"]
[Result "0-1"]
[WhiteElo "1555"]
[BlackElo "1779"]
[PlyCount "76"]
[EventDate "2020.10.03"]
[EventType "team-swiss"]
[EventRounds "9"]
[EventCountry "NCA"]
[SourceTitle "EXT 2022"]
[Source "ChessBase"]
[SourceDate "2021.10.06"]
[SourceVersion "1"]
[SourceVersionDate "2021.10.06"]
[SourceQuality "1"]

1. Nf3 d5 2. g3 c5 3. Bg2 Nc6 4. d3 e5 5. 0-0 Nf6 6. Bg5 Be7 7. Nc3 Be6 8. Bxf6 Bxf6 9. e4 d4 10. Ne2 Qd7 11. Nd2 g5 12. f4 gxf4 13. gxf4 Bh3 14. f5 Rg8 15. Ng3 Bg4 16. Bf3 h5 17. Kh1 Bh4 18. Nxh5 Bh3 19. Rg1 0-0-0 20. Qe2 f6 21. a3 Qh7 22. Rxg8 Rxg8 23. Rg1 Rg5 24. Rxg5 Bxg5 25. b3 Qh6 26. Nc4 Kd7 27. a4 Nb4 28. Ng3 Bh4 29. Nh5 Qc1+ 30. Qd1 Qxc2 31. Qg1 Bg5 32. Nf4 exf4 33. e5 Nxd3 34. e6+ Ke7 35. Qa1 b6 36. Na3 Qf2 37. Qd1 Ne1 38. Qe2 Bg2+ 0-1

[Event "NCA-chT 1st Stage"]
[Site "Managua"]
[Date "2020.10.10"]
[Round "6.11"]
[White "Berrios, Natanael"]
[Black "Zelaya Aguilera, Cristian Ignacio"]
[Result "1-0"]
[WhiteElo "1857"]
[BlackElo "1555"]
[PlyCount "77"]
[EventDate "2020.10.03"]
[EventType "team-swiss"]
[EventRounds "9"]
[EventCountry "NCA"]
[SourceTitle "EXT 2022"]
[Source "ChessBase"]
[SourceDate "2021.10.06"]
[SourceVersion "1"]
[SourceVersionDate "2021.10.06"]
[SourceQuality "1"]

1. d4 Nf6 2. c4 g6 3. Nc3 Bg7 4. e4 d6 5. f4 0-0 6. Nf3 Bg4 7. e5 dxe5 8. fxe5 Nfd7 9. Be2 c5 10. Bf4 Nc6 11. d5 Bxf3 12. dxc6 Bxc6 13. 0-0 Nxe5 14. Qb3 e6 15. Rad1 Qh4 16. Qc2 Rad8 17. Rde1 Nd7 18. Bg3 Qh6 19. Bf4 Bd4+ 20. Kh1 Qg7 21. Qc1 g5 22. Bd6 Rfe8 23. Bc7 Rc8 24. Bg3 Nf6 25. Bf3 Bxf3 26. Rxf3 Nh5 27. b3 g4 28. Rd3 Nxg3+ 29. Rxg3 Bf2 30. Ne4 Bxg3 31. Nxg3 Rcd8 32. Rf1 f5 33. Nh5 Qg6 34. Nf4 Qg5 35. Qe1 Kf7 36. Qe5 Rd7 37. g3 b6 38. Nxe6 Rd1 39. Nxg5+ 1-0

[Event "NCA-chT fase1"]
[Site "Managua"]
[Date "2019.10.13"]
[Round "9.2"]
[White "Avalos, Carlos"]
[Black "Zelaya Aguilera, Cristian Ignacio"]
[Result "1-0"]
[WhiteElo "1848"]
[BlackElo "1806"]
[PlyCount "81"]
[EventDate "2019.09.28"]
[EventType "team-swiss"]
[EventRounds "9"]
[EventCountry "NCA"]
[SourceTitle "CBM 194 Extra"]
[Source "ChessBase"]
[SourceDate "2020.03.31"]
[SourceVersion "1"]
[SourceVersionDate "2020.03.31"]
[SourceQuality "1"]
[WhiteTeam "Nicaragua CC"]
[BlackTeam "Diamante de Las Segovias"]
[WhiteTeamCountry "NCA"]
[BlackTeamCountry "NCA"]

1. Nc3 Nf6 2. d4 g6 3. Bf4 Bg7 4. Qd2 d6 5. 0-0-0 b6 6. f3 Bb7 7. e4 0-0 8. Bh6 Nbd7 9. h4 e5 10. Bxg7 Kxg7 11. d5 Nh5 12. g4 Nf4 13. Nge2 Qf6 14. Nxf4 Qxf4 15. Qxf4 exf4 16. Ne2 Ne5 17. Bg2 g5 18. hxg5 Ng6 19. Nd4 Rh8 20. Nf5+ Kg8 21. Rd3 Rd8 22. Rc3 Rd7 23. Bf1 a6 24. Ra3 a5 25. Bb5 Rd8 26. Rc3 Rc8 27. Bd7 Rb8 28. Rxc7 Ne5 29. Rh3 Ba6 30. Ne7+ Kf8 31. Nc6 Nxc6 32. dxc6 Bc4 33. Ra7 Kg7 34. b3 Bf1 35. Rh2 Kg6 36. Kd2 Kxg5 37. c7 Rbc8 38. Bxc8 Rxc8 39. a4 Kg6 40. Ke1 h5 41. Kxf1 1-0

[Event "NCA-chT fase1"]
[Site "Managua"]
[Date "2019.10.06"]
[Round "5.1"]
[White "Garcia, Antonio3333"]
[Black "Zelaya Aguilera, Cristian Ignacio"]
[Result "1/2-1/2"]
[WhiteElo "1812"]
[BlackElo "1806"]
[PlyCount "95"]
[EventDate "2019.09.28"]
[EventType "team-swiss"]
[EventRounds "9"]
[EventCountry "NCA"]
[SourceTitle "CBM 194 Extra"]
[Source "ChessBase"]
[SourceDate "2020.03.31"]
[SourceVersion "1"]
[SourceVersionDate "2020.03.31"]
[SourceQuality "1"]
[WhiteTeam "Jose Raul Capablanca"]
[BlackTeam "Diamante de Las Segovias"]
[WhiteTeamCountry "NCA"]
[BlackTeamCountry "NCA"]

1. c4 Nf6 2. Nc3 g6 3. d4 Bg7 4. e4 d6 5. f3 Nbd7 6. Be3 b6 7. Bd3 c5 8. Nge2 Bb7 9. 0-0 cxd4 10. Bxd4 0-0 11. Rc1 Nc5 12. Bb1 Ne6 13. Be3 Rc8 14. b3 Nd7 15. Nd4 Ndc5 16. Nd5 Bxd5 17. cxd5 Nxd4 18. Bxd4 Qd7 19. Bxg7 Kxg7 20. Qd4+ Kg8 21. Rc2 Rc7 22. Rfc1 Rfc8 23. h4 h5 24. Rc4 Na6 25. Kh2 Qd8 26. Bd3 Nc5 27. Bf1 Nd7 28. f4 Rxc4 29. Rxc4 Rc7 30. Be2 Qc8 31. e5 Rxc4 32. bxc4 Qc5 33. Qe4 Qf2 34. Kh3 Nc5 35. Qf3 Qxf3+ 36. Bxf3 dxe5 37. fxe5 Kf8 38. Kg3 Nd3 39. e6 fxe6 40. dxe6 Kg7 41. Be4 Nc5 42. Kf4 Kf6 43. Bc2 Nxe6+ 44. Ke4 Nc7 45. Kd4 e5+ 46. Ke4 Ke6 47. Ke3 Kf6 48. Ke4 1/2-1/2

[Event "NCA-chT fase1"]
[Site "Managua"]
[Date "2019.09.29"]
[Round "3.1"]
[White "Zelaya Aguilera, Cristian Ignacio"]
[Black "Gaitan Rivas, Norlan Miguel"]
[Result "1/2-1/2"]
[WhiteElo "1806"]
[BlackElo "1568"]
[PlyCount "135"]
[EventDate "2019.09.28"]
[EventType "team-swiss"]
[EventRounds "9"]
[EventCountry "NCA"]
[SourceTitle "CBM 194 Extra"]
[Source "ChessBase"]
[SourceDate "2020.03.31"]
[SourceVersion "1"]
[SourceVersionDate "2020.03.31"]
[SourceQuality "1"]
[WhiteTeam "Diamante de Las Segovias"]
[BlackTeam "Leon Santiago de los Caballeros"]
[WhiteTeamCountry "NCA"]
[BlackTeamCountry "NCA"]

1. d4 Nf6 2. Bf4 g6 3. Nf3 Bg7 4. e3 d6 5. h3 0-0 6. c4 c5 7. Nc3 cxd4 8. exd4 Qa5 9. Bd3 e5 10. dxe5 dxe5 11. Bd2 Qd8 12. Qc2 Nc6 13. a3 Nd4 14. Nxd4 exd4 15. Ne2 Re8 16. Bg5 Qa5+ 17. Bd2 Qe5 18. 0-0 b6 19. Ng3 Bb7 20. Rae1 Qc7 21. b4 Qc6 22. f3 Qc7 23. Ne4 Nh5 24. Qc1 f5 25. Nf2 Be5 26. Nh1 Bh2+ 27. Kf2 Ng3 28. Rxe8+ Rxe8 29. Qd1 Nxh1+ 30. Rxh1 Bg3+ 31. Kg1 Qe5 32. h4 Bf4 33. Bxf4 Qxf4 34. a4 Re3 35. Rh3 Qe5 36. Kf2 f4 37. Qd2 Bc8 38. Rh2 Bf5 39. Bxf5 Qxf5 40. Rh1 Qf6 41. h5 d3 42. Re1 Qh4+ 43. Kf1 Rxe1+ 44. Qxe1 Qh1+ 45. Kf2 Qh4+ 46. Kf1 Qd8 47. hxg6 hxg6 48. Qe6+ Kg7 49. Qe5+ Qf6 50. Qxf6+ Kxf6 51. Ke1 Ke5 52. Kd2 Kd4 53. c5 bxc5 54. bxc5 Kxc5 55. Kxd3 Kb4 56. Ke4 g5 57. Kf5 Kxa4 58. Kxg5 Kb4 59. Kxf4 a5 60. g4 a4 61. g5 a3 62. g6 a2 63. g7 a1Q 64. g8Q Qd4+ 65. Kf5 Qc5+ 66. Kf6 Qc6+ 67. Qe6 Qxf3+ 68. Qf5 1/2-1/2

[Event "NCA-chT fase1"]
[Site "Managua"]
[Date "2019.09.28"]
[Round "1.1"]
[White "Fonseca Cabrera, Ernesto Gregorio"]
[Black "Zelaya Aguilera, Cristian Ignacio"]
[Result "1-0"]
[WhiteElo "2200"]
[BlackElo "1806"]
[PlyCount "82"]
[EventDate "2019.09.28"]
[EventType "team-swiss"]
[EventRounds "9"]
[EventCountry "NCA"]
[SourceTitle "CBM 194 Extra"]
[Source "ChessBase"]
[SourceDate "2020.03.31"]
[SourceVersion "1"]
[SourceVersionDate "2020.03.31"]
[SourceQuality "1"]
[WhiteTeam "Soldados del Amor"]
[BlackTeam "Diamante de Las Segovias"]
[WhiteTeamCountry "NCA"]
[BlackTeamCountry "NCA"]

1. Nf3 d5 2. d4 Nf6 3. c4 c6 4. e3 Bf5 5. Nc3 e6 6. Nh4 Bg4 7. Qb3 Qd7 8. h3 Bh5 9. g4 Bg6 10. Bd2 a5 11. g5 Nh5 12. Be2 Be7 13. Rg1 Bb4 14. Qd1 e5 15. Bg4 f5 16. Bxh5 Qf7 17. Bxg6 hxg6 18. Nf3 exd4 19. exd4 Nd7 20. Qe2+ Kd8 21. 0-0-0 dxc4 22. Ne5 Qe6 23. Qxc4 Qxc4 24. Nxc4 Rh4 25. Ne5 Nxe5 26. dxe5 Ke7 27. Rg3 a4 28. a3 Bc5 29. f4 b5 30. Rf3 Rhh8 31. Be1 b4 32. axb4 Bb6 33. Rfd3 Rhe8 34. b5 a3 35. bxa3 Bc5 36. bxc6 Bxa3+ 37. Kc2 Reb8 38. Nd5+ Kf8 39. Rxa3 Rxa3 40. Bb4+ Rxb4 41. Nxb4 Ra7 1-0